000 00389nam a22001457a 4500
082 _a001
_bGAR/L
100 _aGARATT,COLIN
100 _aMATTHEWS, MAX WADE
245 _aLOCOMOTIVES
260 _aLONDON
_bHERMES HOUSE
300 _a512
520 _a A COMPLETE HISTORY OF THE WORLD'S GREAT LOCOMOTIVES AND FABULOUS TRAIN JAOURNEYS
650 _aGENERAL KNOWLEDGE
_zLONDON
942 _cBK
999 _c2079
_d2079